Normal view
MARC view
Entry Personal Name
001 - CONTROL NUMBER
- control field: 162648
003 - CONTROL NUMBER IDENTIFIER
- control field: OSt
005 - DATE AND TIME OF LATEST TRANSACTION
- control field: 20220923212621.0
008 - FIXED-LENGTH DATA ELEMENTS
- fixed length control field: 220923|| aca||aabn | a|a d
040 ## - CATALOGING SOURCE
- Original cataloging agency: OSt
- Transcribing agency: OSt
100 ## - HEADING--PERSONAL NAME
- Personal name: प्रसन्ना, बी0 दुर्गा लक्ष्मी
670 ## - SOURCE DATA FOUND
- Source citation: Work cat.: (OSt)310201: प्रसन्ना, बी0 दुर्गा लक्ष्मी, हिन्दी और तेलुगु उपन्यासो में अस्तित्ववाद (195 -197 ), 1993
